Excel for Business Praxisbuch

Na minha lista:
Detalhes bibliográficos
Autor principal: Kolberg, Michael
Formato: Livro
Idioma:alemão
Publicado em: Haar bei München Markt und Technik 1994
Edição:1. Aufl.
Tags: Adicionar Tag
Sem tags, seja o primeiro a adicionar uma tag!

MARC

LEADER 00000nam a2200000 4500
001 c010333
005 20221214075317.0
020 |a 3-87791-488-8 
041 0 |a ger 
044 |a DE 
245 1 0 |a Excel for Business  |b Praxisbuch  |c Michael Kolberg 
250 |a 1. Aufl. 
264 1 |a Haar bei München  |b Markt und Technik  |c 1994 
300 |a 506 s. 
100 1 |a Kolberg, Michael